Le FLE et la francophonie dans le monde (notice n° 2198566)
[ vue normale ]
| 000 -LEADER | |
|---|---|
| fixed length control field | 01741cam a2200205 4500500 |
| 005 - DATE AND TIME OF LATEST TRANSACTION | |
| control field | 20260405085550.0 |
| 041 ## - LANGUAGE CODE | |
| Language code of text/sound track or separate title | fre |
| 042 ## - AUTHENTICATION CODE | |
| Authentication code | dc |
| 100 10 - MAIN ENTRY--PERSONAL NAME | |
| Personal name | Chiss, Jean-Louis |
| Relator term | author |
| 245 00 - TITLE STATEMENT | |
| Title | Le FLE et la francophonie dans le monde |
| 260 ## - PUBLICATION, DISTRIBUTION, ETC. | |
| Name of publisher, distributor, etc. | Armand Colin,<br/> |
| Date of publication, distribution, etc. | 2021.<br/> |
| 520 ## - SUMMARY, ETC. | |
| Summary, etc. | Cet ouvrage a une vocation d'information et de problématisation. Il s'agit de proposer une synthèse sur la place actuelle du français dans le monde et la francophonie, sur l'enseignement du français comme langue étrangère ou seconde vue dans son histoire et la diversité de ses contextes. Le devenir du français à l'étranger dans sa factualité et ses représentations, les permanences et les transformations des méthodologies ainsi que la description de la langue dans une optique FLE, les institutions et les dimensions linguistiques, littéraires et culturelles de l'espace francophone, constituent les principaux aspects de cette démarche. Ce collectif de professeurs des universités spécialistes du domaine, dirigé par Jean-Louis Chiss, a rédigé cet ouvrage à l'intention des enseignants-chercheurs, des formateurs d'enseignants, des enseignants et des étudiants. Les instances nationales et internationales des politiques linguistiques et culturelles en sont aussi les destinataires comme les francophones et les francophiles du monde. |
| 700 10 - ADDED ENTRY--PERSONAL NAME | |
| Personal name | Auger, Nathalie |
| Relator term | author |
| 700 10 - ADDED ENTRY--PERSONAL NAME | |
| Personal name | Chnane-Davin, Fatima |
| Relator term | author |
| 700 10 - ADDED ENTRY--PERSONAL NAME | |
| Personal name | Cuq, Jean-Pierre |
| Relator term | author |
| 700 10 - ADDED ENTRY--PERSONAL NAME | |
| Personal name | Marquilló Larruy, Martine |
| Relator term | author |
| 700 10 - ADDED ENTRY--PERSONAL NAME | |
| Personal name | Spaëth, Valérie |
| Relator term | author |
| 700 10 - ADDED ENTRY--PERSONAL NAME | |
| Personal name | Weber, Corinne |
| Relator term | author |
| 856 41 - ELECTRONIC LOCATION AND ACCESS | |
| Uniform Resource Identifier | <a href="https://shs.cairn.info/le-fle-et-la-francophonie-dans-le-monde--9782200631734?lang=fr&redirect-ssocas=7080">https://shs.cairn.info/le-fle-et-la-francophonie-dans-le-monde--9782200631734?lang=fr&redirect-ssocas=7080</a> |
Pas d'exemplaire disponible.




Réseaux sociaux